000 01160nam0a22002891 4500
001 rc\4890967
005 20260405062425.0
021 _aRU
_b[61-76493]
035 _a(NLR Aleph) 008922586
090 _a8833674
_c8833674
100 _a20130426d1961 |||y0rusy50 ca
101 1 _arus
_cchi
102 _aRU
105 _aa z |||a|
200 1 _aОсобое задание
_e[Приключенческая повесть]
_fПер. с китайского [С. Иванько
_gИл.: В. Лазаревская]
210 _aМосква
_cМол. гвардия
_d1961
215 _a264 с.
_cил.
_d21
606 _aГражданская революционная война в Китае 1927-1936 гг. (х. л.)
_2psbo
606 _aКитайская народно-освободительная армия (х. л.)
_2psbo
700 0 _aЮань Цзин
702 1 _4730
_8rus
_7ca
_aИванько
_bС. С.
_f1925-2004
_gСергей Сергеевич
_3RU\NLR\AUTH\7721175
_94239
702 1 _aЛазаревская
_bВ.
_4440
801 0 _aRU
_bNLR
_gpsbo
801 1 _aRU
_bELAR
_2rusmarc
852 _aNLR
_j61-3/5561
942 _cBOOK
980 _aNB